书目信息 |
| 题名: |
我们的荆轲
|
|
| 作者: | 莫言 著 | |
| 分册: | ||
| 出版信息: | 北京 作家出版社 2012.11 |
|
| 页数: | 209页 | |
| 开本: | 23cm | |
| 丛书名: | 莫言文集 | |
| 单 册: | ||
| 中图分类: | I234 , I217.2 | |
| 科图分类: | ||
| 主题词: | 话剧剧本--作品集--中国--当代 , 话剧剧本 , 文学--作品集--中国 | |
| 电子资源: | ||
| ISBN: | 978-7-5063-6694-6 | |
| 000 | 00855oam2 2200289 450 | |
| 001 | 010010106762 | |
| 005 | 20130422161657.14 | |
| 010 | @a978-7-5063-6694-6@dCNY35.00,CNY700.00(全20册) | |
| 100 | @a20121119d2012 em y0chiy50 ea | |
| 101 | 0 | @achi |
| 102 | @aCN@b110000 | |
| 105 | @aa z 000by | |
| 106 | @ar | |
| 200 | 1 | @a我们的荆轲@9wo men de jing ke@f莫言著 |
| 210 | @a北京@c作家出版社@d2012.11 | |
| 215 | @a209页@c图,照片,剧照@d23cm | |
| 225 | 2 | @a莫言文集 |
| 330 | @a本书主要内容包括:我们的荆轲;霸王别姬;锅炉工的妻子;访谈。 | |
| 461 | 0 | @12001 @a莫言文集 |
| 606 | 0 | @a话剧剧本@x作品集@y中国@z当代 |
| 606 | 0 | @a话剧剧本 |
| 606 | 0 | @a文学@x作品集@x中国 |
| 690 | @aI234@v5 | |
| 690 | @aI217.2@v4 | |
| 701 | 0 | @a莫言@9mo yan@f(1955-)@4著 |
| 801 | 0 | @aCN@bRENTIAN@c20121119 |
| 905 | @b541964-66@dI217.2@e656:18@f3@xCNY35.00 | |
| 我们的荆轲/莫言著.-北京:作家出版社,2012.11 |
| 209页:图,照片,剧照;23cm.-(莫言文集) |
| ISBN 978-7-5063-6694-6:CNY35.00,CNY700.00(全20册) |
| 本书主要内容包括:我们的荆轲;霸王别姬;锅炉工的妻子;访谈。 |
| ● |
| 相关链接 |
|
|
|
|
正题名:我们的荆轲
索取号:I217.2/656:18
 
预约/预借
| 序号 | 登录号 | 条形码 | 馆藏地/架位号 | 状态 | 备注 |
| 1 | 0541964 | 205419643 | 第一样本阅览室/ [索取号:I217.2/656:18] | 在馆 | |
| 2 | 0541965 | 205419652 | 第二借阅区/ [索取号:I217.2/656:18] | 在馆 | |
| 3 | 0541966 | 205419661 | 第二借阅区/ [索取号:I217.2/656:18] | 在馆 |